000 00312nam a2200121Ia 4500
008 220204s9999 xx 000 0 und d
082 _a633.88(031)
_bKAD
100 _aKadans, Joseph M
245 0 _aEncyclopedia of medicinal herbs
260 _aNew York
_bParker
_c1979
650 _aMedicinal herbs
942 _cBK
999 _c39548
_d39548